Business intelligence for dummies / (Record no. 21616)

MARC details
000 -LEADER
fixed length control field 00611nam a22002177a 4500
003 - CONTROL NUMBER IDENTIFIER
control field OSt
008 - FIXED-LENGTH DATA ELEMENTS--GENERAL INFORMATION
fixed length control field 260306b2008 |||||||| |||| 00| 0 eng d
020 ## - INTERNATIONAL STANDARD BOOK NUMBER
International Standard Book Number 9789363861138
082 ## - DEWEY DECIMAL CLASSIFICATION NUMBER
Classification number 658.4038
Item number SCH-B
100 ## - MAIN ENTRY--PERSONAL NAME
Personal name Scheps, Swain
245 ## - TITLE STATEMENT
Title Business intelligence for dummies /
Statement of responsibility, etc Swain Scheps
260 ## - PUBLICATION, DISTRIBUTION, ETC. (IMPRINT)
Place of publication, distribution, etc New Delhi :
Name of publisher, distributor, etc Wiley,
Date of publication, distribution, etc 2008.
300 ## - PHYSICAL DESCRIPTION
Extent / Pages xxii, 358 p. ;
650 ## - SUBJECT ADDED ENTRY--TOPICAL TERM
Topical term or geographic name as entry element Business intelligence
650 ## - SUBJECT ADDED ENTRY--TOPICAL TERM
Topical term or geographic name as entry element Decision support systems
650 ## - SUBJECT ADDED ENTRY--TOPICAL TERM
Topical term or geographic name as entry element Data analysis in business
650 ## - SUBJECT ADDED ENTRY--TOPICAL TERM
Topical term or geographic name as entry element Management information systems
650 ## - SUBJECT ADDED ENTRY--TOPICAL TERM
Topical term or geographic name as entry element Data mining
650 ## - SUBJECT ADDED ENTRY--TOPICAL TERM
Topical term or geographic name as entry element Business analytics
942 ## - ADDED ENTRY ELEMENTS (KOHA)
Source of classification or shelving scheme
Koha item type Books
Holdings
Withdrawn status Lost status Source of classification or shelving scheme Damaged status Not for loan Home library Current library Date acquired Source of acquisition Currency Cost, normal purchase price Full call number Barcode Date last seen Copy number Bill Date Koha item type Bill Number
          SOBD Library SOBD Library 02/03/2026 All India Book House INR 959.00 658.4038 SCH-B1 008535 06/03/2026 1 02/03/2026 Reference Books NA/IN/2098
          SOBD Library SOBD Library 02/03/2026 All India Book House INR 959.00 658.4038 SCH-B2 008536 06/03/2026 2 02/03/2026 Books NA/IN/2098
          SOBD Library SOBD Library 02/03/2026 All India Book House INR 959.00 658.4038 SCH-B3 008537 06/03/2026 3 02/03/2026 Books NA/IN/2098
          SOBD Library SOBD Library 02/03/2026 All India Book House INR 959.00 658.4038 SCH-B4 008538 06/03/2026 4 02/03/2026 Books NA/IN/2098
          SOBD Library SOBD Library 02/03/2026 All India Book House INR 959.00 658.4038 SCH-B5 008539 06/03/2026 5 02/03/2026 Books NA/IN/2098
Hosted, Implemented, Customized & Maintained by: BestBookBuddies

Powered by Koha